Hertha BSC Squad 2019-2020 - Statistics

General Stats
  • This quiz has been taken 8 times
  • The average score is 22 of 40
Answer Stats
# Position Nation Player % Correct
2 DF Slovakia Peter Pekarík
100%
8 FW Ivory Coast Salomon Kalou
100%
19 FW Bosnia and Herzegovina Vedad Ibišević
100%
- Coach Germany Jürgen Klinsmann
86%
7 FW Poland Krzysztof Piątek
86%
26 FW Brazil Matheus Cunha
86%
24 FW Hungary Palkó Dárdai
86%
22 GK Norway Rune Jarstein
86%
18 MF Argentina Santiago Ascacíbar
86%
6 MF Czech Republic Vladimír Darida
86%
- Coach Croatia Ante Čović
71%
28 FW Belgium Dodi Lukebakio
71%
16 FW Netherlands Javairô Dilrosun
71%
34 MF Germany Maurice Čović
71%
17 DF Germany Maximilian Mittelstädt
71%
5 DF Germany Niklas Stark
71%
3 MF Norway Per Ciljan Skjelbred
71%
27 FW Germany Davie Selke
57%
20 DF Belgium Dedryck Boyata
57%
25 DF Nigeria Jordan Torunarigha
57%
11 FW Australia Mathew Leckie
57%
1 GK Germany Thomas Kraft
57%
9 FW Germany Alexander Esswein
43%
- Coach Germany Alexander Nouri
43%
- Coach Germany Bruno Labbadia
43%
12 GK Germany Dennis Smarsch
43%
4 DF Netherlands Karim Rekik
43%
13 DF Germany Lukas Klünter
43%
15 MF Serbia Marko Grujić
43%
21 DF Germany Marvin Plattenhardt
43%
10 MF Slovakia Ondrej Duda
43%
23 MF Germany Arne Maier
29%
33 FW Suriname Daishawn Redan
29%
36 FW Turkey Muhammed Kiprit
29%
14 FW Germany Pascal Köpke
29%
7 MF Germany Eduard Löwen
14%
29 DF Germany Florian Baak
14%
30 FW Germany Marius Wolf
14%
26 MF Germany Sidney Friede
14%
39 MF Germany Julian Albrecht
0%
No matching quizzes found
Score Distribution
Percent of People with Each Score
Percentile by Number Answered
Your Score History
You have not taken this quiz